[Event "Pere Noel"]
[Site "Montreal CAN"]
[Date "1996.12.26"]
[Round "1"]
[White "Levtchouk, George"]
[Black "Plante, Michel"]
[Result "1-0"]
[WhiteElo "2338"]
[BlackElo "1917"]
[PlyCount "109"]
[EventDate "1996.12.26"]
[EventType "swiss"]
[EventRounds "5"]
[EventCountry "CAN"]

1. d4 Nf6 2. c4 e6 3. Nc3 Bb4 4. f3 c5 5. d5 Nh5 6. g3 Bxc3+ 7. bxc3 e5 8. e4
d6 9. Bd3 g6 10. Rb1 Nd7 11. Ne2 O-O 12. Qc2 Ng7 13. Bh6 Nb6 14. O-O f5 15. f4
fxe4 16. Bxe4 Bh3 17. Rf2 Qd7 18. Qd3 Rae8 19. Kh1 Rf7 20. Bxg7 Kxg7 21. Rb5
Bf5 22. Bxf5 Qxf5 23. Qxf5 Rxf5 24. Rf1 Rf7 25. Rfb1 e4 26. Ra5 Nxc4 27. Rxa7
Ree7 28. Ra4 Nd2 29. Rb6 Rd7 30. Kg2 e3 31. g4 Rfe7 32. h4 h6 33. g5 Re4 34.
Rxe4 Nxe4 35. Rb2 Nd2 36. Rb6 Ne4 37. a4 h5 38. Kf1 Nd2+ 39. Kg2 Kf7 40. Kg3
Ne4+ 41. Kg2 Nd2 42. Rb5 Nc4 43. Kf3 Re7 44. Ng3 b6 45. Ke2 Ra7 46. Nf1 Ke8 47.
Kd3 Re7 48. Ng3 Kd7 49. Rb1 e2 50. Nxe2 Re3+ 51. Kxc4 Rxe2 52. Rxb6 Re4+ 53.
Kb5 Rxf4 54. Rb7+ Kc8 55. Rg7 1-0

[Event "Pere Noel"]
[Site "Montreal CAN"]
[Date "1996.12.27"]
[Round "2"]
[White "Charest, Johanne"]
[Black "Letual, Jean"]
[Result "1-0"]
[WhiteElo "1875"]
[BlackElo "1512"]
[PlyCount "29"]
[EventDate "1996.12.26"]
[EventType "swiss"]
[EventRounds "5"]
[EventCountry "CAN"]

1. e4 e5 2. Nf3 Nc6 3. Bc4 Bc5 4. c3 Nf6 5. d4 exd4 6. cxd4 Bb4+ 7. Nc3 d5 8.
exd5 Nxd5 9. O-O Nce7 10. Nxd5 Nxd5 11. Bxd5 Qxd5 12. Qa4+ Bd7 13. Qxb4 Bc6 14.
Re1+ Kd7 15. Qe7+ 1-0

[Event "Pere Noel"]
[Site "Montreal CAN"]
[Date "1996.12.27"]
[Round "2"]
[White "Leutschaft, Martin"]
[Black "Levtchouk, George"]
[Result "0-1"]
[WhiteElo "2016"]
[BlackElo "2338"]
[PlyCount "78"]
[EventDate "1996.12.26"]
[EventType "swiss"]
[EventRounds "5"]
[EventCountry "CAN"]

1. e4 g6 2. Nc3 Bg7 3. f4 c5 4. Nf3 Nc6 5. g3 e6 6. Bg2 Nge7 7. O-O O-O 8. d3
d5 9. e5 Rb8 10. Bd2 b5 11. Ne2 a5 12. g4 b4 13. Qe1 f6 14. Qh4 a4 15. Rae1 b3
16. axb3 Nb4 17. Bxb4 Rxb4 18. exf6 Rxf6 19. Ne5 Rf8 20. Ra1 axb3 21. c3 Rb6
22. Ra8 Qc7 23. Qg3 g5 24. Nf3 gxf4 25. Qh4 e5 26. Rfa1 Rh6 27. Qf2 Bxg4 28.
R1a7 Qd6 29. Ng5 Rxa8 30. Rxa8+ Bf8 31. d4 cxd4 32. cxd4 Bxe2 33. Qxe2 e4 34.
Qg4 Rg6 35. Rxf8+ Kxf8 36. Nxh7+ Kg7 37. Ng5 Qf6 38. h4 Qxd4+ 39. Kh2 Qe5 0-1

[Event "Pere Noel"]
[Site "Montreal CAN"]
[Date "1996.12.28"]
[Round "3"]
[White "Belanger, Jacques"]
[Black "Charest, Johanne"]
[Result "1/2-1/2"]
[WhiteElo "1911"]
[BlackElo "1875"]
[PlyCount "81"]
[EventDate "1996.12.26"]
[EventType "swiss"]
[EventRounds "5"]
[EventCountry "CAN"]

1. Nf3 Nf6 2. g3 d5 3. Bg2 c5 4. c4 e6 5. O-O Nc6 6. cxd5 exd5 7. d3 Be7 8. b3
O-O 9. Bb2 Bf5 10. Nbd2 Rc8 11. Re1 Qd7 12. e4 dxe4 13. dxe4 Bh3 14. Nc4 Qxd1
15. Raxd1 Bxg2 16. Kxg2 Rfd8 17. e5 Nd5 18. Nd6 Bxd6 19. Rxd5 Be7 20. Red1 Rxd5
21. Rxd5 Rd8 22. Rxd8+ Bxd8 23. Nd2 Nb4 24. a4 Nd3 25. Ba3 Nxe5 26. Bxc5 a6 27.
Bd6 Nd3 28. Kf3 Bb6 29. Nc4 Ba7 30. Ne3 Bc5 31. Nc4 Ba7 32. Na5 b5 33. Nc6 bxa4
34. bxa4 Bxf2 35. Nb8 Bc5 36. Bc7 a5 37. Bxa5 Nb2 38. Na6 Bg1 39. Kg2 Bd4 40.
Bb4 Nxa4 41. h3 1/2-1/2

[Event "Pere Noel"]
[Site "Montreal CAN"]
[Date "1996.12.28"]
[Round "3"]
[White "Levtchouk, George"]
[Black "Teuton, Frank"]
[Result "1-0"]
[WhiteElo "2338"]
[BlackElo "2148"]
[PlyCount "57"]
[EventDate "1996.12.26"]
[EventType "swiss"]
[EventRounds "5"]
[EventCountry "CAN"]

1. g3 e5 2. Bg2 f5 3. c4 Nf6 4. Nc3 Bb4 5. Qc2 Nc6 6. Qxf5 d6 7. Qc2 Nd4 8. Qd1
O-O 9. e3 Ne6 10. d3 c6 11. Nh3 g5 12. f3 d5 13. cxd5 cxd5 14. a3 Bc5 15. b4
Be7 16. Qb3 a5 17. Rb1 Kh8 18. Ne2 g4 19. Nf2 gxf3 20. Bxf3 Ng5 21. Bg2 Ng4 22.
Nxg4 Bxg4 23. Bb2 Bf3 24. Bxe5+ Kg8 25. O-O Qd7 26. Nf4 Qg4 27. Nxd5 Rf7 28.
Nxe7+ Kf8 29. Bf4 1-0

[Event "Pere Noel"]
[Site "Montreal CAN"]
[Date "1996.12.29"]
[Round "4"]
[White "Tremblay, Alain"]
[Black "Charest, Johanne"]
[Result "1-0"]
[WhiteElo "1990"]
[BlackElo "1875"]
[PlyCount "53"]
[EventDate "1996.12.26"]
[EventType "swiss"]
[EventRounds "5"]
[EventCountry "CAN"]

1. e4 e5 2. Nf3 Nc6 3. Bb5 Bc5 4. O-O Nd4 5. Nxd4 Bxd4 6. c3 Bb6 7. d4 c6 8.
Ba4 d6 9. h3 Qh4 10. Nd2 Nf6 11. Nf3 Qh5 12. dxe5 dxe5 13. Qd6 Nxe4 14. Bxc6+
bxc6 15. Qxc6+ Ke7 16. Qxa8 Nd6 17. Be3 Bxh3 18. Qxh8 Bxg2 19. Bg5+ Ke6 20.
Kxg2 e4 21. Nh2 Qxg5+ 22. Kh1 e3 23. Qxh7 exf2 24. Qh3+ Nf5 25. Nf3 Qf4 26.
Rad1 Ke7 27. Rd5 1-0

[Event "Pere Noel"]
[Site "Montreal CAN"]
[Date "1996.12.30"]
[Round "5"]
[White "Charest, Johanne"]
[Black "O'Connor, Michael"]
[Result "1/2-1/2"]
[WhiteElo "1875"]
[BlackElo "1765"]
[PlyCount "71"]
[EventDate "1996.12.26"]
[EventType "swiss"]
[EventRounds "5"]
[EventCountry "CAN"]

1. e4 c5 2. Nc3 d6 3. g3 Nf6 4. Bg2 g6 5. d3 Bg7 6. f3 Nc6 7. Be3 O-O 8. Qd2
Re8 9. Bh6 Bh8 10. g4 d5 11. exd5 Nxd5 12. Nge2 Ncb4 13. h4 Nxc3 14. Nxc3 Qd4
15. Be3 Qxe3+ 16. Qxe3 Nxc2+ 17. Ke2 Nxe3 18. Kxe3 Bd4+ 19. Kd2 Bxc3+ 20. bxc3
Be6 21. a3 Red8 22. Kc2 Rd6 23. h5 Rad8 24. hxg6 Rxd3 25. gxh7+ Kh8 26. Rag1
Rd2+ 27. Kb1 Bb3 28. f4 Rd1+ 29. Rxd1 Rxd1+ 30. Rxd1 Bxd1 31. Bxb7 Bxg4 32. Bd5
e6 33. Be4 Bh5 34. Kc2 Be2 35. Kb3 Bb5 36. f5 1/2-1/2

[Event "Pere Noel"]
[Site "Montreal CAN"]
[Date "1996.12.26"]
[Round "1"]
[White "Teuton, Frank"]
[Black "Rashev, Nick"]
[Result "1-0"]
[WhiteElo "2148"]
[BlackElo "1835"]
[PlyCount "127"]
[EventDate "1996.12.26"]
[EventType "swiss"]
[EventRounds "5"]
[EventCountry "CAN"]

1. e4 c5 2. Nf3 Nc6 3. Bb5 e6 4. Bxc6 bxc6 5. O-O Ne7 6. b3 Ng6 7. Bb2 f6 8. d4
cxd4 9. Nxd4 Be7 10. Nd2 O-O 11. Kh1 c5 12. Ne2 d5 13. c4 Bb7 14. Qc2 d4 15.
Nc1 f5 16. f3 Bg5 17. Nd3 Rc8 18. Rae1 Bxd2 19. Qxd2 fxe4 20. fxe4 Rxf1+ 21.
Rxf1 Bxe4 22. Nf4 Qg5 23. Qe2 Bb7 24. Qxe6+ Kh8 25. Nd5 Rd8 26. Bc1 Qe5 27.
Qxe5 Nxe5 28. Bg5 Ra8 29. Rf5 Ng6 30. Kg1 h6 31. Bd2 Kg8 32. Nc7 Rf8 33. Rxc5
Nh4 34. Nd5 Nf5 35. Ne7+ Nxe7 36. Rc7 Nd5 37. Rxb7 Nc3 38. Re7 Nxa2 39. Rxa7
Nc3 40. Bxc3 dxc3 41. Ra1 Rb8 42. Rc1 Rxb3 43. Kf2 Kf7 44. Ke3 Rb2 45. Kf3 Rb3
46. Rc2 Ke6 47. Ke4 Kd6 48. Kd4 Kc6 49. Rxc3 Rb2 50. Rg3 g5 51. Ke5 Rf2 52. Rg4
Kc5 53. h3 Rf1 54. h4 Rf2 55. hxg5 hxg5 56. Rxg5 Kxc4 57. g4 Kc5 58. Ke6+ Kc6
59. Rf5 Re2+ 60. Re5 Rg2 61. g5 Rg1 62. Kf6 Kd6 63. Rf5 Kd7 64. Kf7 1-0

[Event "Pere Noel"]
[Site "Montreal CAN"]
[Date "1996.12.29"]
[Round "4"]
[White "Teuton, Frank"]
[Black "Guevremont, Grant"]
[Result "1-0"]
[WhiteElo "2148"]
[BlackElo "1952"]
[Annotator ",hugh_brodie@hotmail."]
[PlyCount "63"]
[EventDate "1996.12.26"]
[EventType "swiss"]
[EventRounds "5"]
[EventCountry "CAN"]

1. e4 c6 2. Nc3 d5 3. Nf3 dxe4 4. Nxe4 Bf5 5. Ng3 Bg6 6. h4 h6 7. Ne5 Bh7 8.
Qh5 g6 9. Bc4 e6 10. Qe2 Qe7 11. d4 Nf6 12. O-O Nbd7 13. Bd2 Bg7 14. Nd3 Nd5
15. Bxd5 cxd5 16. Qg4 Qf6 17. Rfe1 O-O 18. c3 Qd8 19. Bf4 h5 20. Qh3 Bf6 21.
Bh6 Re8 22. Re3 Bxh4 23. Nf4 Bg5 24. Bxg5 Qxg5 25. Ngxh5 Kh8 26. Ng3 Kg7 27.
Nd3 Rh8 28. f4 Qh6 29. Qg4 Nf6 30. Qf3 Qh4 31. Ne5 Bg8 32. Rf1 {Time.} 1-0

[Event "Pere Noel"]
[Site "Montreal CAN"]
[Date "1996.12.30"]
[Round "5"]
[White "Teuton, Frank"]
[Black "Leveille, Francois"]
[Result "0-1"]
[WhiteElo "2148"]
[BlackElo "2332"]
[PlyCount "77"]
[EventDate "1996.12.26"]
[EventType "swiss"]
[EventRounds "5"]
[EventCountry "CAN"]

1. e4 c5 2. Nf3 d6 3. d4 cxd4 4. Nxd4 Nf6 5. Nc3 a6 6. h3 e6 7. Be3 b5 8. a3
Bb7 9. Bd3 Nbd7 10. f4 Rc8 11. Qf3 Be7 12. g4 Rxc3 13. bxc3 Nc5 14. f5 e5 15.
Ne6 fxe6 16. Bxc5 exf5 17. Qxf5 dxc5 18. g5 O-O 19. O-O c4 20. Qe6+ Kh8 21.
gxf6 gxf6 22. Be2 Bc8 23. Qc6 Qd2 24. Bg4 Bxg4 25. hxg4 Qxc3 26. Kg2 Rg8 27.
Qe6 Qxc2+ 28. Rf2 Qxe4+ 29. Kg3 h5 30. Qxg8+ Kxg8 31. gxh5 Kf7 32. Raf1 a5 33.
Rf5 b4 34. axb4 axb4 35. R1f3 b3 36. h6 Kg6 37. Kf2 Kxh6 38. Rh3+ Kg6 39. Rfh5
0-1

[Event "Pictou Chess Challenge"]
[Site "Westville CAN"]
[Date "1996.09.02"]
[Round "5"]
[White "Saunders, Steve"]
[Black "Mayo, Alvah"]
[Result "1-0"]
[WhiteElo "1921"]
[BlackElo "1987"]
[PlyCount "107"]
[EventDate "1996.08.31"]
[EventType "swiss"]
[EventRounds "5"]
[EventCountry "CAN"]

1. d4 Nf6 2. c4 g6 3. Nc3 Bg7 4. e4 d6 5. f3 O-O 6. Be3 Na6 7. Qd2 c5 8. Nge2
Re8 9. d5 Nc7 10. g4 Bxg4 11. fxg4 Nxg4 12. Bf4 Ne5 13. Bxe5 Bxe5 14. h4 e6 15.
h5 exd5 16. hxg6 hxg6 17. exd5 Bg3+ 18. Kd1 Be5 19. Kc2 Rb8 20. Nc1 a6 21. Nd3
Bd4 22. Ne2 Bg7 23. a4 b5 24. axb5 axb5 25. Nc3 bxc4 26. Nf4 Nb5 27. Bxc4 Nd4+
28. Kd1 Qb6 29. Nd3 Nf3 30. Qf2 Ne5 31. Nxe5 Rxe5 32. Nb5 Rf5 33. Qe2 Rf4 34.
Ra2 Rxc4 35. Qxc4 Qxb5 36. Qxb5 Rxb5 37. Ra8+ Bf8 38. Re1 Rxb2 39. Ree8 Rb4 40.
Rxf8+ Kg7 41. Rg8+ Kf6 42. Ra7 Rd4+ 43. Kc2 Rxd5 44. Rf8 g5 45. Raxf7+ Kg6 46.
Rf6+ Kh5 47. Rg8 Kg4 48. Rfg6 Kh5 49. R6g7 Kh4 50. Rh8+ Kg4 51. Rh1 Kf5 52. Rg1
Kf6 53. Rg8 Kf5 54. R8xg5+ 1-0

[Event "Quebec op"]
[Site "Montreal CAN"]
[Date "1996.07.27"]
[Round "1"]
[White "Boudy Bueno, Julio"]
[Black "Wenaas, Eric"]
[Result "1-0"]
[WhiteElo "2280"]
[BlackElo "2033"]
[PlyCount "167"]
[EventDate "1996.07.27"]
[EventType "swiss"]
[EventRounds "9"]
[EventCountry "CAN"]

1. e4 e5 2. Nf3 Nc6 3. Bb5 a6 4. Ba4 Nf6 5. O-O b5 6. Bb3 Bb7 7. Re1 Bc5 8. c3
d6 9. d4 Bb6 10. Bg5 h6 11. Bh4 g5 12. Bg3 Qe7 13. Qd3 O-O 14. Nbd2 Nh5 15. Nf1
Nf4 16. Qd2 Qf6 17. Ne3 Rfe8 18. Nd5 Qg6 19. Nxb6 cxb6 20. dxe5 dxe5 21. Bc2
Qf6 22. Qe3 Ne7 23. Red1 Rad8 24. Ne1 Nh5 25. Rxd8 Rxd8 26. Rd1 Rxd1 27. Bxd1
Nxg3 28. hxg3 Qd6 29. Bb3 Kg7 30. f3 Qc5 31. Kf2 f5 32. Qxc5 bxc5 33. exf5 Nxf5
34. Be6 Kf6 35. Bxf5 Kxf5 36. Nd3 c4 37. Nc5 Bc8 38. g4+ Kf6 39. Ne4+ Ke6 40.
Ke3 Ke7 41. Ng3 Kf6 42. a3 Bd7 43. Ne4+ Ke7 44. Nd2 Kf6 45. Nf1 Bc8 46. Ng3 Bd7
47. Nh1 Bc8 48. g3 Bd7 49. Nf2 Bc8 50. f4 exf4+ 51. gxf4 gxf4+ 52. Kxf4 Bb7 53.
Nd1 Bc8 54. Ne3 Be6 55. Nc2 Bc8 56. Nd4 Bd7 57. Nf3 Bc8 58. Ne5 Bb7 59. a4 Ke6
60. axb5 axb5 61. Ng6 Kf6 62. Nh4 Bc8 63. Nf3 Be6 64. Nd4 Bd7 65. Ne2 Be6 66.
Ng3 Bd7 67. Ne2 Be6 68. Nd4 Bd7 69. Nf3 Be6 70. g5+ hxg5+ 71. Nxg5 Bd5 72. Nh3
Be6 73. Nf2 Bf5 74. Nd1 Bc8 75. Ne3 Be6 76. Nc2 Bc8 77. Nd4 Ba6 78. Ke4 Bb7+
79. Ke3 Ke5 80. Nxb5 Kd5 81. Kf4 Bc6 82. Nd4 Ba4 83. Nf5 Bc2 84. Ne3+ 1-0

[Event "Quebec op"]
[Site "Montreal CAN"]
[Date "1996.07.27"]
[Round "1"]
[White "Filion, Charles"]
[Black "Vera, Reynaldo"]
[Result "0-1"]
[WhiteElo "2104"]
[BlackElo "2495"]
[PlyCount "60"]
[EventDate "1996.07.27"]
[EventType "swiss"]
[EventRounds "9"]
[EventCountry "CAN"]

1. d4 Nf6 2. c4 g6 3. Nc3 d5 4. cxd5 Nxd5 5. e4 Nxc3 6. bxc3 Bg7 7. Bb5+ c6 8.
Ba4 b6 9. Ne2 O-O 10. O-O e5 11. d5 Ba6 12. Bb3 Qc7 13. f4 Nd7 14. fxe5 Nxe5
15. dxc6 Qxc6 16. Bd5 Qc5+ 17. Kh1 Rad8 18. Bg5 Rd7 19. Qd2 Ng4 20. Nd4 Bxf1
21. Rxf1 Rxd5 22. exd5 Qxd5 23. Qf4 f5 24. h3 Ne5 25. Nf3 Nxf3 26. Rxf3 Qxa2
27. Bh6 Qb1+ 28. Kh2 Qe4 29. Qd2 Bxh6 30. Qxh6 Qe5+ 0-1

[Event "Quebec op"]
[Site "Montreal CAN"]
[Date "1996.07.27"]
[Round "1"]
[White "Grondin, Jean-Philippe"]
[Black "Mikanovic, Goran"]
[Result "0-1"]
[WhiteElo "2055"]
[BlackElo "2332"]
[PlyCount "82"]
[EventDate "1996.07.27"]
[EventType "swiss"]
[EventRounds "9"]
[EventCountry "CAN"]

1. e4 c5 2. Nf3 d6 3. d4 cxd4 4. Nxd4 Nf6 5. Nc3 a6 6. Bg5 e6 7. f4 Be7 8. Qf3
Qc7 9. O-O-O Nbd7 10. g4 b5 11. Bxf6 Bxf6 12. Bxb5 Rb8 13. g5 Bxd4 14. Bxd7+
Bxd7 15. Rxd4 Qb6 16. Qd3 Qxb2+ 17. Kd2 Bb5 18. Nxb5 axb5 19. Qc3 Qxc3+ 20.
Kxc3 Ke7 21. Rb1 Rhc8+ 22. Kd2 Ra8 23. Rb2 Rc5 24. Rdb4 Ra5 25. c3 h6 26. h4
hxg5 27. hxg5 f6 28. gxf6+ Kxf6 29. Kc2 Ra3 30. R4b3 Rxb3 31. Rxb3 d5 32. Kd3
dxe4+ 33. Kxe4 e5 34. fxe5+ Rxe5+ 35. Kd4 g5 36. c4 bxc4 37. Kxc4 g4 38. Kd4
Kf5 39. Kc4 Ra5 40. a3 Kf4 41. Rd3 g3 0-1

[Event "Quebec op"]
[Site "Montreal CAN"]
[Date "1996.07.27"]
[Round "1"]
[White "Leveille, Francois"]
[Black "Leriche, Felix"]
[Result "1-0"]
[WhiteElo "2331"]
[BlackElo "2051"]
[PlyCount "103"]
[EventDate "1996.07.27"]
[EventType "swiss"]
[EventRounds "9"]
[EventCountry "CAN"]

1. d4 d5 2. Nf3 c6 3. Bg5 Bf5 4. e3 Nd7 5. c4 Qb6 6. Qc1 e6 7. Nc3 Ngf6 8. c5
Qd8 9. b4 Be7 10. h3 Ne4 11. Bf4 g5 12. Bh2 h5 13. Nd2 Nxd2 14. Qxd2 Bf6 15. e4
dxe4 16. Qe3 b6 17. Ba6 bxc5 18. dxc5 Ne5 19. Nxe4 Bxe4 20. Qxe4 Qd5 21. Qxd5
cxd5 22. O-O Kd7 23. f4 gxf4 24. Rxf4 Bg7 25. Rff1 f5 26. Rae1 Nc6 27. b5 Nd4
28. a4 Nc2 29. c6+ Ke7 30. Rc1 Ne3 31. Rfe1 d4 32. c7 Kd7 33. Rxe3 dxe3 34.
Rd1+ Ke7 35. Bd6+ Kf7 36. Bc5 Be5 37. Rd7+ Kg6 38. Bxe3 f4 39. Bc5 Kf5 40. a5
Rhg8 41. c8=Q Raxc8 42. Bxc8 Rxc8 43. Bxa7 Rc1+ 44. Kf2 Rc2+ 45. Kf1 Ke4 46.
Bf2 Bc3 47. Bb6 Rc1+ 48. Ke2 Rc2+ 49. Kd1 Rxg2 50. a6 Bf6 51. a7 Rg8 52. Bc5
1-0

[Event "Quebec op"]
[Site "Montreal CAN"]
[Date "1996.07.27"]
[Round "1"]
[White "Luksza, Arkadiusz"]
[Black "Spraggett, Kevin"]
[Result "0-1"]
[WhiteElo "2120"]
[BlackElo "2584"]
[PlyCount "112"]
[EventDate "1996.07.27"]
[EventType "swiss"]
[EventRounds "9"]
[EventCountry "CAN"]

1. d4 Nf6 2. g3 d6 3. Bg2 c6 4. Nf3 Nbd7 5. O-O e5 6. c4 Qc7 7. Nc3 Be7 8. b3
O-O 9. Bb2 Re8 10. Rc1 Bf8 11. Qd2 h6 12. Rfd1 a6 13. Qc2 a5 14. e3 Rb8 15. h3
exd4 16. exd4 b5 17. cxb5 cxb5 18. Qd2 Qb6 19. Re1 Bb7 20. Qd3 Bc6 21. d5 Nc5
22. Qd4 Bd7 23. Nd2 Bf5 24. Bf1 b4 25. Nb5 Rxe1 26. Rxe1 Bd7 27. a4 bxa3 28.
Nxa3 Nxb3 29. Qxb6 Rxb6 30. Nac4 Nxd2 31. Nxb6 Nf3+ 32. Kh1 Nxe1 33. Bxf6 Bxh3
34. Bxh3 gxf6 35. Bd7 Be7 36. Nc4 Nd3 37. Kg2 Nc5 38. Bc6 a4 39. f4 f5 40. Kf3
Kg7 41. Ke3 h5 42. Bb5 Kg6 43. Kf3 Kf6 44. Ke3 Bf8 45. Na3 Ke7 46. Be2 Bg7 47.
Bxh5 Bb2 48. Nc2 Ne4 49. Be2 Nxg3 50. Bc4 Kf6 51. Nb4 Bc1+ 52. Kf3 Ne4 53. Ba2
a3 54. Nd3 Bd2 55. Bb3 Kg6 56. Bc4 Ba5 0-1

[Event "Quebec op"]
[Site "Montreal CAN"]
[Date "1996.07.27"]
[Round "1"]
[White "Ross, Dave"]
[Black "Saint Amand, Paul"]
[Result "1-0"]
[WhiteElo "2323"]
[BlackElo "2037"]
[PlyCount "41"]
[EventDate "1996.07.27"]
[EventType "swiss"]
[EventRounds "9"]
[EventCountry "CAN"]

1. d4 Nf6 2. Nf3 e6 3. c4 c5 4. g3 d5 5. cxd5 Nxd5 6. Bg2 Nc6 7. O-O Be7 8. Nc3
O-O 9. Rb1 cxd4 10. Nxd4 Nxd4 11. Qxd4 Bf6 12. Qc4 Nxc3 13. bxc3 Qa5 14. Rd1
Rd8 15. Be3 Rxd1+ 16. Rxd1 h6 17. Be4 Rb8 18. Qc5 Qa4 19. Qd6 g6 20. Rd4 Bxd4
21. Bxd4 1-0

[Event "Quebec op"]
[Site "Montreal CAN"]
[Date "1996.07.27"]
[Round "1"]
[White "Trottier, Yves"]
[Black "Clement, Michel"]
[Result "1/2-1/2"]
[WhiteElo "1772"]
[BlackElo "1994"]
[PlyCount "81"]
[EventDate "1996.07.27"]
[EventType "swiss"]
[EventRounds "9"]
[EventCountry "CAN"]

1. e4 c5 2. Nc3 Nc6 3. g3 g6 4. Bg2 Bg7 5. d3 d6 6. f4 e6 7. Nf3 Nge7 8. O-O
O-O 9. Be3 Nd4 10. e5 Nef5 11. Bf2 Nxf3+ 12. Qxf3 Nd4 13. Qd1 dxe5 14. fxe5 Bd7
15. Ne4 Bc6 16. c3 Nf5 17. Bxc5 Re8 18. Nf6+ Bxf6 19. Bxc6 bxc6 20. exf6 Qxf6
21. Qf3 Qe5 22. Qf2 h5 23. Bxa7 Qd5 24. Rad1 Qxa2 25. Bc5 Qb3 26. d4 Reb8 27.
Rd2 Rb7 28. Qf3 Qd5 29. Qf4 f6 30. Ba3 g5 31. Qf2 Rg7 32. Re2 Rd7 33. Rfe1 Re8
34. Re4 Kf7 35. Qe2 Ng7 36. Bb4 Qf5 37. Rf1 Qb5 38. Qf3 Qf5 39. Qe3 Qg6 40. Qe2
Nf5 41. Re1 1/2-1/2

[Event "Quebec op"]
[Site "Montreal CAN"]
[Date "1996.07.28"]
[Round "2"]
[White "Clement, Michel"]
[Black "Fillion, Robert"]
[Result "1/2-1/2"]
[WhiteElo "1994"]
[BlackElo "1700"]
[PlyCount "89"]
[EventDate "1996.07.27"]
[EventType "swiss"]
[EventRounds "9"]
[EventCountry "CAN"]

1. e4 d6 2. d4 Nf6 3. Nc3 c6 4. a4 Qa5 5. Bd2 Qc7 6. Nf3 Bg4 7. Be2 e5 8. Be3
Be7 9. O-O a5 10. h3 Bh5 11. Nh4 Bg6 12. Nf5 Bxf5 13. exf5 d5 14. dxe5 Qxe5 15.
Bd4 Qc7 16. Bd3 O-O 17. Re1 Qd8 18. Qe2 Bd6 19. g4 Na6 20. g5 Nd7 21. f6 g6 22.
Qg4 Nb4 23. Qh4 Re8 24. f4 Nxd3 25. cxd3 Nc5 26. Bxc5 Bxc5+ 27. Kh1 Qd7 28. d4
Bf8 29. Re5 Rxe5 30. fxe5 Qf5 31. Qg4 Qxg4 32. hxg4 Ra6 33. Rd1 Rb6 34. Rd2 h6
35. Kg2 Rb4 36. Kf3 Rb3 37. Ke2 hxg5 38. Kd1 Bb4 39. Rc2 Bxc3 40. bxc3 b5 41.
Kd2 Rb1 42. Ra2 b4 43. cxb4 Rxb4 44. Kc3 Rb1 45. Rc2 1/2-1/2

[Event "Quebec op"]
[Site "Montreal CAN"]
[Date "1996.07.28"]
[Round "2"]
[White "Gardner, Robert"]
[Black "Ross, Dave"]
[Result "0-1"]
[WhiteElo "2138"]
[BlackElo "2323"]
[PlyCount "132"]
[EventDate "1996.07.27"]
[EventType "swiss"]
[EventRounds "9"]
[EventCountry "CAN"]

1. e4 b6 2. d4 Bb7 3. Bd3 e6 4. Ne2 c5 5. O-O cxd4 6. Nxd4 Nc6 7. Be3 Nf6 8.
Nxc6 Bxc6 9. e5 Nd5 10. Qg4 h5 11. Qg3 h4 12. Qg4 h3 13. g3 Nxe3 14. fxe3 Bc5
15. Qf4 f5 16. exf6 Qxf6 17. Qxf6 gxf6 18. Kf2 Ke7 19. Nd2 Rhg8 20. Ne4 f5 21.
Nxc5 bxc5 22. Ke2 d5 23. c4 Rab8 24. b3 Rg4 25. cxd5 Bxd5 26. Bxf5 exf5 27.
Rxf5 Ke6 28. Rh5 a5 29. Rxh3 a4 30. Rh6+ Ke7 31. Rh5 Ke6 32. Rd1 axb3 33. Rhxd5
b2 34. Rxc5 b1=Q 35. Rxb1 Rxb1 36. Kf3 Ra4 37. Rc2 Rf1+ 38. Kg2 Ra1 39. Rc6+
Kd5 40. Rh6 R4xa2+ 41. Kf3 Rf1+ 42. Kg4 Ra4+ 43. Kg5 Re4 44. Rh8 Re5+ 45. Kg6
Ra1 46. g4 Ra6+ 47. Kf7 Ra7+ 48. Kf6 Re6+ 49. Kf5 Rf7+ 50. Kg5 Rg7+ 51. Kh5
Re5+ 52. Kh4 Re4 53. h3 Rxe3 54. g5 Re5 55. Rh5 Ke4 56. Kg4 Rf5 57. h4 Rf4+ 58.
Kg3 Rd7 59. Rh8 Rd3+ 60. Kg2 Rg4+ 61. Kh2 Kf3 62. Rf8+ Rf4 63. Rh8 Kg4 64. g6
Rf2+ 65. Kg1 Kg3 66. g7 Rd1# 0-1

[Event "Quebec op"]
[Site "Montreal CAN"]
[Date "1996.07.28"]
[Round "2"]
[White "Levtchouk, George"]
[Black "Moussa, Alaa Eddine"]
[Result "1/2-1/2"]
[WhiteElo "2325"]
[BlackElo "2166"]
[PlyCount "40"]
[EventDate "1996.07.27"]
[EventType "swiss"]
[EventRounds "9"]
[EventCountry "CAN"]

1. d4 Nf6 2. c4 e6 3. Nc3 Bb4 4. f3 c5 5. d5 b5 6. e4 bxc4 7. Bxc4 Nxd5 8. Bxd5
exd5 9. Qxd5 Nc6 10. Nge2 Ba6 11. Kf2 Qe7 12. Rd1 Rc8 13. Ng3 g6 14. Bf4 c4 15.
Bd6 Bxd6 16. Qxd6 Nb4 17. a3 Qxd6 18. Rxd6 Nd3+ 19. Ke3 Rc6 20. Rxc6 dxc6
1/2-1/2

[Event "Quebec op"]
[Site "Montreal CAN"]
[Date "1996.07.28"]
[Round "2"]
[White "Prahov, Valentin"]
[Black "Ber, Yves"]
[Result "1-0"]
[WhiteElo "2217"]
[BlackElo "1919"]
[PlyCount "111"]
[EventDate "1996.07.27"]
[EventType "swiss"]
[EventRounds "9"]
[EventCountry "CAN"]

1. e4 c5 2. Nf3 d6 3. d4 cxd4 4. Nxd4 Nf6 5. Nc3 g6 6. Be3 Bg7 7. f3 O-O 8. Bc4
Nc6 9. Qd2 Ne5 10. Bb3 Bd7 11. O-O-O Rc8 12. g4 Nc4 13. Bxc4 Rxc4 14. h4 Bxg4
15. fxg4 Nxg4 16. Nde2 Nxe3 17. Qxe3 Qa5 18. Kb1 Rfc8 19. Rd5 Qa6 20. h5 e6 21.
Rd2 Qa5 22. hxg6 hxg6 23. Rh3 b5 24. Qg5 R4c5 25. Qe3 Rc4 26. Qd3 R8c6 27. Qe3
Ra6 28. Nc1 b4 29. Nd1 Qe5 30. Rh4 Bf6 31. Rg4 Qh5 32. Qf3 Bg7 33. Nd3 Rc7 34.
Qg3 Be5 35. Qh4 Qxh4 36. Rxh4 g5 37. Rg2 f6 38. Ne3 Rh7 39. Rxh7 Kxh7 40. Nxb4
Rb6 41. Nd3 Bd4 42. Nc4 Rc6 43. b3 Bc3 44. a3 Kh6 45. Nb4 Bxb4 46. axb4 d5 47.
exd5 exd5 48. Ne3 Re6 49. Nxd5 f5 50. Kc1 f4 51. Kd2 f3 52. Rg3 Re2+ 53. Kd3
Re1 54. Rxf3 Kh5 55. Ne3 Rh1 56. Rf7 1-0

[Event "Quebec op"]
[Site "Montreal CAN"]
[Date "1996.07.28"]
[Round "2"]
[White "Vera, Reynaldo"]
[Black "Djerkovic, Miladin"]
[Result "1-0"]
[WhiteElo "2495"]
[BlackElo "2239"]
[PlyCount "37"]
[EventDate "1996.07.27"]
[EventType "swiss"]
[EventRounds "9"]
[EventCountry "CAN"]

1. d4 Nf6 2. c4 e6 3. Nc3 Bb4 4. Qc2 b6 5. e4 c5 6. e5 cxd4 7. a3 Bf8 8. Nb5
Ng8 9. Nf3 Bb7 10. Bg5 f6 11. exf6 gxf6 12. Bf4 d6 13. Nfxd4 a6 14. Nxe6 Qc8
15. Nbc7+ Kf7 16. O-O-O Ra7 17. Be2 Ne7 18. Bxd6 Bh6+ 19. f4 1-0

[Event "Quebec op"]
[Site "Montreal CAN"]
[Date "1996.07.28"]
[Round "3"]
[White "Abouchakra, Khaled"]
[Black "Clement, Michel"]
[Result "0-1"]
[WhiteElo "1791"]
[BlackElo "1994"]
[PlyCount "102"]
[EventDate "1996.07.27"]
[EventType "swiss"]
[EventRounds "9"]
[EventCountry "CAN"]

1. e4 c5 2. Nf3 d6 3. Nc3 Nc6 4. Bc4 e6 5. d4 cxd4 6. Nxd4 Nf6 7. Bg5 Be7 8. f4
O-O 9. Nf3 a6 10. a4 Qc7 11. Bb3 Bd7 12. O-O Rfe8 13. Qd2 Na5 14. Ba2 Nc6 15.
Kh1 Nb4 16. Bb3 Bc6 17. Rae1 h6 18. Bh4 d5 19. Bxf6 Bxf6 20. exd5 Nxd5 21. Nxd5
Bxd5 22. Bxd5 exd5 23. c3 Re4 24. Qxd5 Rxa4 25. Ne5 Rd8 26. Qf3 Ra2 27. Rf2 Re8
28. Rfe2 Bxe5 29. Rxe5 Rxe5 30. fxe5 Qxe5 31. Qd1 Qb5 32. b4 Qc6 33. Qd8+ Kh7
34. Qd3+ g6 35. Qf1 Kg7 36. Re7 Qf6 37. Qxf6+ Kxf6 38. Re1 Rc2 39. Kg1 Rxc3 40.
Kf2 Rb3 41. Re4 b6 42. Rc4 Kf5 43. h3 f6 44. g3 h5 45. Rf4+ Ke5 46. Rc4 Kd5 47.
Rf4 f5 48. Kg2 Rb2+ 49. Kf3 Rc2 50. g4 hxg4+ 51. hxg4 Rc4 0-1